| 000 | 00957cam a22003015a 4500 | ||
|---|---|---|---|
| 001 | 016514956 | ||
| 003 | OSt | ||
| 005 | 20160515132847.0 | ||
| 008 | 130823s2014 enka frbd 001 0 eng d | ||
| 020 | _a9780273764595 | ||
| 040 |
_aStDuBDS _beng _cStDuBDS _dUk _dEG-ScBUE |
||
| 082 | 0 | 4 |
_a302 _222 _bHOG |
| 100 | 1 |
_aHogg, Michael A., _d1954- _939976 |
|
| 245 | 1 | 0 |
_aSocial psychology / _cMichael A. Hogg, Graham M. Vaughan. |
| 250 | _a7th ed. | ||
| 260 |
_aHarlow : _bPearson Education Limited, _c2014. |
||
| 300 |
_axxix, 749 p. : _bill. ; _c27 cm. |
||
| 500 | _aPrevious edition: Harlow: Prentice Hall, 2011. | ||
| 500 | _aGlossary : p. [656]-666. | ||
| 500 | _aIncludes indexes. | ||
| 500 | _aIncludes Mypsychlab : student access code inside. | ||
| 504 | _aBibliography : p. [667]-731. | ||
| 530 | _aAlso issued online. | ||
| 650 | 7 |
_aSocial psychology. _2BUEsh _99682 |
|
| 653 |
_bNNUR _cMay2016 |
||
| 700 | 1 | _aVaughan, Graham M., | |
| 942 | _2ddc | ||
| 999 |
_c21740 _d21712 |
||